|
|
|
|
| LEADER |
01101nam a2200313 i 4500 |
| 001 |
724 |
| 003 |
BD-DhAAL |
| 005 |
20150128120856.0 |
| 008 |
150128s1977 nyub b 001 0 eng |
| 010 |
|
|
|a 76058339
|
| 020 |
|
|
|a 0393056171
|
| 040 |
|
|
|a DLC
|c DLC
|d DLC
|d BD-DhAAL
|
| 050 |
0 |
0 |
|a JQ6451.A3
|b N48 1977
|
| 082 |
0 |
0 |
|a 309.1/96/5
|
| 100 |
1 |
|
|a Nevin, David,
|d 1927-2011.
|9 7564
|
| 245 |
1 |
4 |
|a The American touch in Micronesia /
|c by David Nevin.
|
| 250 |
|
|
|a 1st ed.
|
| 260 |
|
|
|a New York :
|b Norton,
|c c1977.
|
| 300 |
|
|
|a 224 p. :
|b maps ;
|c 22 cm.
|
| 500 |
|
|
|a Includes index.
|
| 504 |
|
|
|a Bibliography: p. 213-217.
|
| 541 |
|
|
|e 724
|
| 651 |
|
0 |
|a Micronesia (Federated States)
|x Politics and government.
|9 7565
|
| 651 |
|
0 |
|a Micronesia (Federated States)
|x Economic policy.
|9 7566
|
| 651 |
|
0 |
|a Micronesia (Federated States)
|x Social policy.
|9 7567
|
| 651 |
|
0 |
|a United States
|x Insular possessions.
|9 7568
|
| 942 |
|
|
|2 ddc
|c BK
|
| 999 |
|
|
|c 33522
|d 33522
|
| 952 |
|
|
|0 0
|1 0
|2 ddc
|4 0
|6 309_196500000000000_NEV
|7 0
|9 52365
|a SCL
|b SCL
|c GEN
|d 2015-01-28
|l 0
|o 309.1965 NEV
|p 3020000724
|r 2015-01-28
|t 1
|w 2015-01-28
|y BK
|